| 000 | 00561cam a2200193 4500 | ||
|---|---|---|---|
| 008 | 090401t1995 xxu||||| |||| 00| 0 eng d | ||
| 020 | _a0851256589 | ||
| 035 | _a(Sirsi) u39316 | ||
| 041 | _aeng | ||
| 110 | _aBuilding Research Establishment | ||
| 245 | _aStatic load testing: concrete floor and roof structures within buildings | ||
| 260 |
_aGarston, Watford _bBuilding Research Establishment _c1995 |
||
| 300 | _a8p. : ill. ; 30cm. | ||
| 350 | _a0 | ||
| 490 |
_aBRE Digest _v402 |
||
| 650 | _aSTATIC LOAD TESTING | ||
| 942 | _n0 | ||
| 948 | _c04/03/1997 | ||
| 999 |
_c90759 _d90759 |
||